000 00787nam a22001577a 4500
003 OSt
005 20150916120134.0
008 150916b xxu||||| |||| 00| 0 eng d
040 _cRUA
082 _aAGR SIM 2003 B029 Or.1
100 _9595
_aSIM VIRAK
245 _aThe impact of rural credit on living standard of people in chbarmon and samraong tong districts in kompong speu province prasac II credt association,(ឥទ្ធិពលឥណទានជនបទទៅលើជីវភាពប្រជាជននៅក្នុងស្រុកច្បារមន និងស្រុកសំរោង ខេត្តកំពង់ស្ពឺរបស់សមាគមឥណទានII)
260 _aphnom penh
_bRUA
_c2003
300 _a43p.
_cill.
_g29cm.
942 _2ddc
_cAGR
999 _c573
_d573